Album Title in the Lyrics, but not in the Song Title - Statistics

General Stats
  • This quiz has been taken 205 times
  • The average score is 6 of 24
Answer Stats
Album Band Song % Correct
Dark Side of the Moon Pink Floyd Brain Damage
97%
Nevermind Nirvana Smells Like Teen Spirit
88%
Jagged Little Pill Alanis Morissette You Learn
75%
Smells Like Teen Spirit
56%
Use Your Illusion II Guns n' Roses Locomotive
51%
Siamese Dream Smashing Pumpkins Geek USA
41%
Paul's Boutique Beastie Boys Ask for Janice
26%
Hail to theThief Radiohead 2+2=5
26%
Brain Damage
19%
My Aim is True Elvis Costello Alison
16%
Favourite Worst Nightmare Arctic Monkeys D is for Dangerous
15%
Under the Table and Dreaming Dave Matthews Band Ants Marching
13%
You Learn
12%
2+2=5
11%
Alison
10%
Ants Marching
10%
Geek USA
7%
Day and Age The Killers The World We Live In
6%
D is for Dangerous
5%
Down on the Upside Soundgarden Dusty
5%
Ask for Janice
3%
Locomotive
3%
Dusty
2%
The World We Live In
2%
No matching quizzes found
Score Distribution
Percent of People with Each Score
Percentile by Number Answered
Your Score History
You have not taken this quiz